Statistics for Regions of Norway

Click here to take the quiz!

General Stats

  • This quiz has been taken 19 times
  • The average score is 8 of 19

Answer Stats

Answer % Correct
Oslo
85%
Finnmark
69%
Telemark
62%
Troms
54%
Vestfold
38%
Hordaland
38%
Ostfold
38%
Akershus
38%
Oppland
38%
Hedmark
38%
Sor-Trondelag
38%
Nord-Trondelag
38%
Sogn og Fjordane
31%
More og Romsdal
31%
Buskerud
31%
Rogaland
31%
Vest-Agder
31%
Aust-Agder
31%
Norland
15%

Score Distribution

Percentile by Number Answered

Percent of People with Each Score

Your Score History

You have not taken this quiz